L'herbe du diable et la petite fumée (notice n° 9295)
[ vue normale ]
| 000 -Label | |
|---|---|
| leader | 01416cam0a2200289 4500 |
| 010 ## - ISBN | |
| ISBN | 9782264058348 |
| 099 ## - Informations locales | |
| Type de document | Livre |
| 100 ## - Données générales de traitement | |
| a | 20120615d2012 k y0frey50 ba |
| 101 1# - Langue | |
| langue document | français |
| 102 ## - Pays d'édition ou de production | |
| pays d'édition | France |
| 200 1# - Titre | |
| titre propre | L'herbe du diable et la petite fumée |
| sous-titre | Une voie yaqui de la connaissance |
| -- | The teachings of Don Juan |
| auteur | Carlos Castaneda |
| auteur secondaire | Michel Doury |
| -- | Yves Buin |
| type de document | Livre |
| 210 ## - Editeur | |
| lieu de publication | Paris |
| nom de l'éditeur | Soleil Noir |
| date de publication | 1972 |
| 215 ## - Description | |
| Importance matérielle | 335 p. |
| autres carac. | couv. ill. en coul. |
| format | 18 cm |
| 300 ## - Note | |
| note | En appendice, choix de documents |
| 330 ## - Résumé | |
| Résumé | Arizona, 1961. Alors qu'il est étudiant en anthropologie de l'université de Los Angeles, Carlos Castaneda rencontre don Juan Matus, un indien Yaqui de la province de Sonora. L'homme de savoir, étrange sorcier, l'initie au chamanisme en lui dévoilant l'envers du monde et la manière d'apprivoiser la racine Datura Inoxia : l'herbe du diable. |
| 606 ## - sujets | |
| numéro de la notice d'autorité | 027625818 |
| sujet | Yaqui (Indiens) |
| numéro de la notice d'autorité | 027239640 |
| subdiv. sujet | Moeurs et coutumes |
| koha internal code | 25152 |
| 606 ## - sujets | |
| numéro de la notice d'autorité | 028588266 |
| sujet | Hallucinogènes et expérience religieuse |
| koha internal code | 25153 |
| 606 ## - sujets | |
| numéro de la notice d'autorité | 027222381 |
| sujet | Chamanisme |
| numéro de la notice d'autorité | 027239497 |
| subdiv. géo. | Mexique |
| koha internal code | 25154 |
| 606 ## - sujets | |
| sujet | Les enseignements |
| subdiv. sujet | Une analyse structurale |
| koha internal code | 25155 |
| 700 #1 - Auteur | |
| N° autorité | 026771209 |
| auteur | Castaneda |
| prénom | Carlos |
| code de fonction | Auteur |
| koha internal code | 25156 |
| 701 #1 - coauteur | |
| numéro de la notice d'autorité | 02683636X |
| nom | Doury |
| prénom | Michel |
| code de fonction | Traducteur |
| koha internal code | 25157 |
| 702 #1 - Auteur secondaire | |
| numéro de la notice d'autorité | 026758504 |
| nom | Buin |
| prénom | Yves |
| code de fonction | Préfacier, auteur d'introduction |
| koha internal code | 25158 |
| 801 #3 - source de catalogage | |
| pays | FR |
| agence de catalogage | Abes |
| date de la transaction | 20241009 |
| règles de catalogage utilisées | AFNOR |
| 801 #3 - source de catalogage | |
| pays | TN |
| agence de catalogage | 32BIS |
| 830 ## - note | |
| catalogeur | MS |
| Propriétaire | Dépositaire | Localisation | Code barre | Numéro Inventaire | Cote | Note | Statut |
|---|---|---|---|---|---|---|---|
| The 32bis Library | The 32bis Library | Salle de lecture 32BIS | 007073 | 6997 | 306.6 CAS | Dépôt MAB | Consultable sur place |